Military operations, Egypt & Palestine.Maps (Record no. 552593)

000 -LEADER
fixed length control field 00598cam a2200181K 4500
082 ## - DEWEY DECIMAL CLASSIFICATION NUMBER
Classification number 940.400223
Author Mark HIS
100 1# - MAIN ENTRY--PERSONAL NAME
Personal name MacMunn, George Fletcher,
245 10 - TITLE STATEMENT
Title Military operations, Egypt & Palestine.Maps
Statement of responsibility, etc. MacMunn, George Fletcher,
260 ## - PUBLICATION, DISTRIBUTION, ETC.
Place of publication, distribution, etc. London,
Name of publisher, distributor, etc. H.M.S.O.,
Date of publication, distribution, etc. 1908-30.
300 ## - PHYSICAL DESCRIPTION
Extent 2 v. in 3 + Atlases.
490 1# - SERIES STATEMENT
Series statement History of the great war ...
526 ## - STUDY PROGRAM INFORMATION NOTE
Program name 0
Interest level 0
Reading level 0
Title point value 940_400223000000000_HIS
526 ## - STUDY PROGRAM INFORMATION NOTE
Program name 0
Interest level 0
Reading level 0
Title point value 940_400223000000000_HIS
526 ## - STUDY PROGRAM INFORMATION NOTE
Program name 0
Interest level 0
Reading level 0
Title point value 940_400223000000000_HIS
650 #0 - SUBJECT ADDED ENTRY--TOPICAL TERM
Topical term or geographic name entry element MCE
9 (RLIN) 379
650 #0 - SUBJECT ADDED ENTRY--TOPICAL TERM
Topical term or geographic name entry element World War, 1914-1918
General subdivision Campaigns
Geographic subdivision Turkey.
942 ## - ADDED ENTRY ELEMENTS (KOHA)
Source of classification or shelving scheme
Koha item type Book
Holdings
Withdrawn status Lost status Source of classification or shelving scheme Damaged status Not for loan Permanent Location Current Location Shelving location Date acquired Total Checkouts Full call number Barcode Date last seen Price effective from Koha item type
          Military College of Engineering (MCE) Military College of Engineering (MCE)   01/19/2015   940.400223 HIS MCE-ECM/97.2 01/19/2015 01/19/2015 Book
          Military College of Engineering (MCE) Military College of Engineering (MCE)   01/20/2015   940.400223 HIS MCE-ECM/110.1 01/20/2015 01/20/2015 Book
          Military College of Engineering (MCE) Military College of Engineering (MCE)   01/20/2015   940.400223 HIS MCE-ECM/97.1 01/20/2015 01/20/2015 Book
© 2023 Central Library, National University of Sciences and Technology. All Rights Reserved.